IndyCar 2025 drivers - Statistics

General Stats
  • This quiz has been taken 140 times
    82 since last reset
  • The average score is 24 of 34
Answer Stats
Hint Num. Country Answer % Correct
Ganassi Racing 10 SPA Alex Palou
98%
Team Penske 2 USA Josef Newgarden
96%
Team Penske 12 AUS Will Power
96%
Arrow Mclaren 5 MEX Pato O'Ward
94%
Andretti Global 28 SWE Marcus Ericsson
90%
Ganassi Racing 9 NZL Scott Dixon
90%
Team Penske 3 NZL Scott McLaughlin
88%
Andretti Global (Indy 500 Only) 98 USA Marco Andretti
84%
Arrow Mclaren 7 DEN Christian Lundgaard
80%
Andretti Global 26 USA Colton Herta
80%
Rahal Letterman Lanigan (Indy 500 Only) 75 JAP Takuma Sato
80%
Meyer Shank Racing 60 SWE Felix Rosenqvist
78%
Arrow Mclaren 6 USA Nolan Siegel
78%
Rahal Letterman Lanigan 15 USA Graham Rahal
74%
Andretti Global 27 USA Kyle Kirkwood
74%
Arrow Mclaren (Indy 500 Only) 17 USA Kyle Larson
70%
Prema Racing 90 GBR Callum Ilott
68%
A. J. Foyt Enterprises 4 USA David Malukas
68%
Ed Carpenter Racing (Indy 500 Only) 33 USA Ed Carpenter
68%
Meyer Shank Racing (Indy 500 Only) 06 BRA Hélio Castroneves
68%
A. J. Foyt Enterprises 14 USA Santino Ferucci
68%
Ganassi Racing 8 CYI Kyffin Simpson
66%
Meyer Shank Racing 66 NZL Marcus Armstrong
66%
Juncos Hollinger Racing 77 USA Sting Ray Robb
66%
Dale Coyne Racing 18 NET Rinus Veekay
64%
Prema Racing 83 ISR Robert Shwartzman
62%
Ed Carpenter Racing 20 USA Alexander Rossi
60%
Juncos Hollinger Racing 76 USA Conor Daly
54%
Dreyer & Reinbold Racing (Indy 500 Only) 23 USA Ryan Hunter-Reay
54%
Ed Carpenter Racing 21 DEN Christian Rasmussen
52%
Dale Coyne Racing 51 USA Jacob Abel
50%
Rahal Letterman Lanigan 30 CAN Devlin DeFrancesco
42%
Rahal Letterman Lanigan 45 GBR Louis Foster
40%
Dreyer & Reinbold Racing (Indy 500 Only) 24 GBR Jack Harvey
34%
No matching quizzes found
Score Distribution
Percent of People with Each Score
Percentile by Number Answered
Your Score History
You have not taken this quiz since the last reset